Statistics for Famous Movie Scenes #3

Click here to take the quiz!

General Stats

  • This quiz has been taken 64,161 times
  • The average score is 9 of 20

Answer Stats

SceneMovie% Correct
Thousands of balloons lift a house off its foundations and into the airUp
95%
Teen waxes a car to learn essential martial arts skillsKarate Kid
88%
Woman holding an umbrella descends from the skyMary Poppins
87%
Athlete trains by punching slabs of beefRocky
78%
Boy puts on aftershave and then screamsHome Alone
71%
Girl spins around. As she spins, her red dress catches fire and the audience clapsThe Hunger Games
63%
Man dances on a giant keyboard in a toy storeBig
58%
Boy gets his tongue stuck on a freezing metal poleA Christmas Story
37%
Woman with a very short skirt uncrosses her legs during a police interrogationBasic Instinct
35%
Bearded muscleman kicks an ambassador into a well300
33%
Dozens of bags of letters addressed to Santa Claus are brought into a courtroomMiracle on 34th Street
30%
Men climb over a barbed-wire fence to steal bags of fat from a liposuction clinicFight Club
28%
Suave man is tied on a table while a laser beam slowly moves towards himGoldfinger
28%
Three men destroy a printer with a baseball batOffice Space
28%
Man impresses his date by performing an epic jazz flute soloAnchorman
26%
Man interrupts a wedding and escapes with the bride via busThe Graduate
24%
POW in solitary confinment bounces a baseball against the wall over and overThe Great Escape
22%
Teenager stands outside his ex-girlfriend's window and holds a boombox above his headSay Anything
20%
Woman's white dress billows above a subway grateThe Seven Year Itch
20%
Bathing man is surprised when Germans drop a ferret into the tubThe Big Lebowski
13%

Score Distribution

Percentile by Number Answered

Percent of People with Each Score

Your Score History

You have not taken this quiz